Air dispersion modeling: foundations and applications
Gespeichert in:
| 1. Verfasser: | |
|---|---|
| Format: | Buch |
| Sprache: | Englisch |
| Veröffentlicht: |
Hoboken, New Jersey, USA.
John Wiley and Sons,
2014
|
| Ausgabe: | 1a. ed |
| Schlagworte: | |
| Tags: |
Tag hinzufügen
Keine Tags, Fügen Sie den ersten Tag hinzu!
|
MARC
| LEADER | 00000cam a2200000 a 4500 | ||
|---|---|---|---|
| 001 | UCC8555 | ||
| 003 | CL-VaPUC | ||
| 005 | 20230623074129.0 | ||
| 008 | 190712e20140000us |||||||||||||||||eng|d | ||
| 999 | |c 374834 |d 374832 | ||
| 020 | |a 9781118078594 | ||
| 040 | |c Pontificia Universidad Católica de Valparaíso | ||
| 082 | 0 | 4 | |a 628.53 DEV 2014 |2 21 |
| 100 | 0 | |a De Visscher, Alex |e author |9 603209 | |
| 245 | 1 | 0 | |a Air dispersion modeling: foundations and applications |
| 250 | |a 1a. ed | ||
| 260 | |a Hoboken, New Jersey, USA. |b John Wiley and Sons, |c 2014 | ||
| 300 | |a 634 páginas | ||
| 583 | |a last modification |c 20190712 00:10:00 |k Rodrigo Vera | ||
| 650 | 0 | |a Ingeniería ambiental |9 328689 | |
| 650 | 0 | |a Polución del aire |2 CL-VaPUC |9 603210 | |
| 650 | 0 | |a Contaminación atmosférica |9 262775 | |
| 650 | 0 | |a Protección del medio ambiente |9 257626 | |
| 650 | 0 | |a Contaminación del aire |9 255745 | |
| 942 | |c BK |2 ddc | ||
| 945 | |d 20190712 00:10:00 |a dcastane | ||
| 952 | |0 0 |1 0 |3 erd |4 0 |6 628_530000000000000_DEV_2014 |7 0 |8 A |9 493573 |a BIBING |b BIBING |i 5555450 |o 628.53 DEV 2014 |p 5555450 |r 2025-01-20 |w 2019-11-24 |y BK |z Catalogado en:20190712 |k EIQ | ||